000 00352nam a22001337a 4500
082 _a18
_bSAL
_c.
100 _aSalmon, E.H
245 _aMaterials and structure /
_cE.H Salmon
260 _aNew York,
_bLongman Green and company,
_c1931.
300 _ax, 638 p. :
526 _a0
_b0
_c0
_d18_000000000000000_SAL
650 _aMCE
_9379
942 _2ddc
_cBK
999 _c546685
_d546685